000 06481cam a22018374i 4500
003 PE-LiUPU
005 20250813165913.0
008 150706s2011 dcua rb 000 0 spa d
020 _a9789275332511
035 _a(Sirsi) i9789275332511
040 _aPE-LiUPU
_bspa
_cPE-LiUPU
_erda
049 _aPRUA
082 0 4 _a614.4
_bA18
_221
100 1 _aAcosta-Gnass, Silvia I.,
_eautor.
245 1 0 _aManual de control de infecciones y epidemiología hospitalaria /
_cSilvia I. Acosta-Gnass.
264 1 _aWashington, D.C :
_bOrganización Panamericana de la Salud,
_c2011.
300 _a352 páginas :
_bilustraciones ;
_c26 centímetros
336 _atext
_2rdacontent
337 _aunmediated
_2rdamedia
338 _avolume
_2rdacarrier
504 _aIncluye bibliografía.
505 0 _aFunción del personal de prevención y control de infecciones -- Metas de prevención y control de infecciones -- Higiene de manos -- Prevención de la infección del tracto urinario asociada a catéter urinario -- Prevención de la ITS asociadas a dispositivos IV -- Procedimientos especiales (cáteteres de triple lumen.Hichman, Broviac y dispositivos implantables de acceso venoso) -- Prevención de la neumonía asociada a respiración mecánica asistida -- Prevención de la infección del sitio quirúrgico -- Curación de heridas -- Higiene del paciente -- Medidas de aislamiento -- Aislamientos -- Manejo de sangre y objetos cortantes -- Protocolo para pacientes con organismos resistentes a múltiples drogas -- Protocolo para pacientes infectados con VIH -- Pacientes infectados o colonizados con Staphylococcus aureus resistente a meticilina, Staphylococcus coagulasa negativo resistente a maticilina y enterococcus resistente a vancomicina -- Pacientes infectados con Clostridium difficile -- Protocolo para pacientes con pediculosis y sarna -- Uso del equipo de protección personal -- Técnicas asépticas -- Visitas -- Antisépticos de uso hospitalario -- Desinfectantes de uso hospitalario -- Definición de términos -- Examen físico antes de la admisión -- Reporte de enfermedad infectocontagiosa -- Exposición del empleado a enfermedades infecciosas -- Protocolo para expuestos a enfermedad meningocócica -- Accidentes postexposición a sangre o fluidos corporales -- Quimioprofilaxis en la postexposición al VIH -- Plan de vacunación a los empleados -- Prevención de la tuberculosis nosocomial -- Recomendaciones para la trabajadora de la salud embarazada -- Higiene hospitalaria -- Medidas de control de infecciones -- Principios y métodos de limpieza -- Procedimientos de limpieza al alta del paciente -- Procedimientos de limpieza en las áreas de aislamiento -- Procedimientos de limpieza en áreas críticas -- Procedimientos de limpieza en áreas específicas -- Procedimientos de limpieza en quirófanos -- Limpieza de derrames de sangre y fluidos corporales -- Desinfección de instrumental y equipos usados por el paciente y del ambiente hospitalario -- Elección de desinfectantes -- Compra, almacenamiento y uso del agua lavandina -- Manejo y circulación de la ropa -- Manejo de los residuos hospitalarios.
526 _aP203
526 _aP200
526 _aSEG65
526 _aSEG64
526 _aSEG63
526 _aSEG62
526 _aSEG61
526 _aSEG60
526 _aSEG59
526 _aSEG58
526 _aSEG57
526 _aSEG56
526 _aSEG55
526 _aSEG54
526 _aSEG53
526 _aSEG52
526 _aSEG51
526 _aSEG50
526 _aSEG49
526 _aSEG48
526 _aSEG47
526 _aSEG46
526 _aSEG24
526 _aSEG23
526 _aSEG22
526 _aSEG21
526 _aSEG20
526 _aSEG19
526 _aSEG18
526 _aSEG17
526 _aSEG16
526 _aSEG14
526 _aSEG13
526 _aSEG12
526 _aSEG11
526 _aSEG10
526 _aSEG09
526 _aSEG06
526 _aSEG05
526 _aSEG04
526 _aSEG03
526 _aSEG02
526 _aSEG68
526 _aSEG66
526 _aSEG45
526 _aSEG25
526 _aSEG01
526 _aP163
526 _aP162
526 _aP161
526 _aP160
526 _aP159
526 _aP158
526 _aP157
526 _aP156
526 _aP155
526 _aP154
526 _aP153
526 _aP152
526 _aP151
526 _aP150
526 _aP149
526 _aP142
526 _aP141
526 _aP140
526 _aP139
526 _aP138
526 _aP137
526 _aP132
526 _aP131
526 _aP130
526 _aP126
526 _aP125
526 _aP124
526 _aP123
526 _aP115
526 _aP122
526 _aP121
526 _aP116
526 _a P114
526 _aP112
526 _aP111
526 _aP104
526 _aP103
526 _aP102
526 _aP101
526 _aP100
526 _aP96
526 _aP95
526 _aP93
526 _aP92
526 _aP91
526 _aP88
526 _aP83
526 _aP82
526 _aP79
526 _aP78
526 _aP75
526 _aP74
526 _aP71
526 _aP69
526 _a P51
526 _aP49
526 _aP48
526 _aP47
526 _aP33
526 _aP31
526 _a P30
526 _aP29
526 _aP27
526 _aP26
526 _aP25
526 _aP24
526 _a P22
526 _aP10
526 _aP09
526 _a P08
526 _aP06
526 _aP05
526 _aP04
526 _aP01
541 _g001-000071;
650 0 4 _aInfecciones hospitalarias
_xControl.
650 0 4 _aInfecciones hospitalarias
_xPrevención.
650 0 4 _aAtención hospitalaria
_vNormas.
650 0 4 _aAtención médica
_vNormas.
650 0 4 _aSalud pública.
_9205
910 _agl
_clch
_d20130214
942 _2ddc
_cBOOK
949 _a614.4 A18
_wDEWEY
_c1
_i66573
_lCCODEBUL1
_mBUL
_p38.00
_r0
_sY
_tBOOK
_u2015-7-6
_xSALUD
_PP31
_o.STAFF. Colección General
994 _aC0
_bPEPRU
596 _a1
999 _a614.4 A18
_wDEWEY
_c54634
_i66573
_d54634
_e2018-3-16
_f2021-11-4
_g5
_lCCODEBUL1
_mBUL
_n2
_p38.00
_q2
_r0
_sY
_tBOOK
_u2015-7-6
_xSALUD
_PP31
_0COMPRA
_o.STAFF. Colección Ciencias de la Salud
980 _81
_gALBERTO SANCHEZ Responsable de Automatización